000 00468nam a2200181Ia 4500
001 10074
005 20260306161805.0
008 260306t2009||||xx |||||||||||||| ||spa||
041 _aESP
082 _aGR 880.09
_bL51 V. 1
100 _aLesky, Albin
_eAUT
245 0 _aHistoria de la literatura griega:
_bde los comienzos a la polis griega
260 _c2009
300 _a802 páginas :
_c24 cm.
650 _aGEN
654 _aCHU
942 _cLIB
_dJUS
_fJUS
_2ddc
_n
999 _c10074
_d10074